| 000 | 00759nam a2200253Ia 4500 | ||
|---|---|---|---|
| 008 | 171025s9999 xx 000 0 und d | ||
| 020 | _a1594511403 | ||
| 050 | _a943.08 | ||
| 050 | _bP719 2006 | ||
| 100 | _aPlatt, Anthony | ||
| 245 | _aBloodlines : | ||
| 245 | _brecovering hitler's nuremberg laws, from patton's trophy to public memorial / | ||
| 245 | _cby Anthony Platt with Cecilia E. O'Leary. | ||
| 260 | _aUSA : | ||
| 260 | _bParadigm Publishers, | ||
| 260 | _c2006 | ||
| 300 | _axi, 268 pages : | ||
| 300 | _billustrations ; | ||
| 300 | _c22cm. | ||
| 500 | _aIncludes notes, bibliographic reference, glossary and index. | ||
| 650 | _aHenry E. Huntington Library and Art Gallery. | ||
| 700 | _aO'Leary, Cecilia. | ||
| 700 | _aTitle. | ||
| 999 |
_c344436 _d344436 |
||